<?xml version="1.0" encoding="UTF-8"?>
<record
    xmlns:xsi="http://www.w3.org/2001/XMLSchema-instance"
    xsi:schemaLocation="http://www.loc.gov/MARC21/slim http://www.loc.gov/standards/marcxml/schema/MARC21slim.xsd"
    xmlns="http://www.loc.gov/MARC21/slim">

  <leader>01651cam a2200265   4500500</leader>
  <controlfield tag="005">20260524000253.0</controlfield>
  <datafield tag="041" ind1=" " ind2=" ">
    <subfield code="a">fre</subfield>
  </datafield>
  <datafield tag="042" ind1=" " ind2=" ">
    <subfield code="a">dc</subfield>
  </datafield>
  <datafield tag="100" ind1="1" ind2="0">
    <subfield code="a">Robinson, Joann L.</subfield>
    <subfield code="e">author</subfield>
  </datafield>
  <datafield tag="700" ind1="1" ind2="0">
    <subfield code="a">Kelsay, Kimberly J.</subfield>
    <subfield code="e">author</subfield>
  </datafield>
  <datafield tag="700" ind1="1" ind2="0">
    <subfield code="a">Le Houezec-Jacquemain, Fr&#xE9;d&#xE9;rique</subfield>
    <subfield code="e">author</subfield>
  </datafield>
  <datafield tag="245" ind1="0" ind2="0">
    <subfield code="a">Le compl&#xE9;ment d'histoires de MacArthur&#xA0;: un nouvel outil d'&#xE9;valuation</subfield>
  </datafield>
  <datafield tag="260" ind1=" " ind2=" ">
    <subfield code="c">2002.
							</subfield>
  </datafield>
  <datafield tag="500" ind1=" " ind2=" ">
    <subfield code="a">62</subfield>
  </datafield>
  <datafield tag="520" ind1=" " ind2=" ">
    <subfield code="a">R&#xE9;sum&#xE9;Ce travail d&#xE9;crit la technique, sur le plan th&#xE9;orique et pratique, de la batterie d&#x2019;histoires &#xE0; compl&#xE9;ter de MacArthur. Il d&#xE9;crit les diverses modalit&#xE9;s de cotation. Il donne un aper&#xE7;u de l&#x2019;histoire de cet instrument et de ses d&#xE9;veloppements. Des applications nouvelles et les d&#xE9;veloppements possibles sont indiqu&#xE9;s. Cet outil joue un r&#xF4;le important dans l&#x2019;&#xE9;valuation de la r&#xE9;gulation &#xE9;motionnelle, tant en recherche qu&#x2019;en clinique.</subfield>
  </datafield>
  <datafield tag="520" ind1=" " ind2=" ">
    <subfield code="a">This paper describes the technical and theoretical background of the McArthur Battery Story Stem. It describes the several rating schemes and gives a glance on its historical background and developments. Some new applications and possible developments are emphasised. This tool does play an important role in the assessment of emotional regulation, both for research and clinical purposes.</subfield>
  </datafield>
  <datafield tag="690" ind1=" " ind2=" ">
    <subfield code="a">evaluation</subfield>
  </datafield>
  <datafield tag="690" ind1=" " ind2=" ">
    <subfield code="a">narration</subfield>
  </datafield>
  <datafield tag="690" ind1=" " ind2=" ">
    <subfield code="a">r&#xE9;gulation &#xE9;motionnelle</subfield>
  </datafield>
  <datafield tag="690" ind1=" " ind2=" ">
    <subfield code="a">assessment</subfield>
  </datafield>
  <datafield tag="690" ind1=" " ind2=" ">
    <subfield code="a">emotional regulation</subfield>
  </datafield>
  <datafield tag="690" ind1=" " ind2=" ">
    <subfield code="a">narrative</subfield>
  </datafield>
  <datafield tag="786" ind1="0" ind2=" ">
    <subfield code="n">Devenir | 14 | 4 | 2002-12-01 | p. 401-414 | 1015-8154</subfield>
  </datafield>
  <datafield tag="856" ind1="4" ind2="1">
    <subfield code="u">https://stm.cairn.info/revue-devenir-2002-4-page-401?lang=fr&amp;redirect-ssocas=7080</subfield>
  </datafield>
  <datafield tag="999" ind1=" " ind2=" ">
    <subfield code="c">2249105</subfield>
    <subfield code="d">2249105</subfield>
  </datafield>
</record>
